| 000 | 00528cam a2200205ua 4500 | ||
|---|---|---|---|
| 020 | _c18.00 | ||
| 041 |
_aeng _h |
||
| 082 |
_a621.1 _bKAN/ME |
||
| 100 | _aKannappan, D . | ||
| 245 |
_aMechanical estimating and costing / _cD.Kannappan. _hTextual Documents |
||
| 250 |
_a1 / _b. |
||
| 260 |
_aNew Delhi : _bTata Mc-Graw Hill Publishing Company , _c1985. |
||
| 300 | _a160 ; . | ||
| 365 | _a18.00 | ||
| 504 | _a | ||
| 700 | 1 | _aAugustine, A.G . | |
| 700 | 1 | _aParanthman, D . | |
| 942 | _cBK | ||
| 999 |
_c2547 _d2547 |
||